000
00201 a2200097 4500
001
7752
100
_a
Wright, A
245
_a
Current transformers
260
_a
_b
Chapman Hall
_c
090
_c
6209
_d
6209
942
_a
NUST-CAE
_c
M
_c
32722
999
_c
242825
_d
242825